000 00567nam a2200157 a 4500
001 000031565
005 20250502073820.0
008 110627s2001 dr 000 0 spa d
040 _aDO-SdBNP
_bspa
_cBNPHU
082 _axxxx
_bR426g
110 1 _aRepública Dominicana.
_bOficina Nacional de Administración y Personal
_926398
245 1 0 _aGuía para la evaluacuión del desempeño y conducta de los servidores públicos a ser incorporados a la carrera administración.
260 _aSanto Domingo :
_b[s.n.],
_c2001.
300 _a9 p. : ;
_c21 cm.
049 _aBNPD
999 _c31057
_d31057